Région de France à partir de ville - Carte Quiz - Statistiques

Statistiques générales
  • Ce quiz a été pris 134 fois
  • Le résultat moyen est 13 sur 18
Réponses sur la Carte
Les réponses sont colorées sur une échelle allant du rouge au vert en fonction du pourcentage des utilisateurs qui les ont devinées à leur premier essai. Vous pouvez retrouver ces pourcentages ci-dessous.
 
Statistiques - réponses
Réponse % Correct
Arcachon
85%
Chamonix
85%
Colmar
85%
Fontainebleau
85%
Fréjus
85%
Beauvais
83%
Lourdes
81%
Bourges
80%
Patrimonio
77%
Saint-Nazaire
77%
Beaune
75%
Kourou
68%
Cancale
66%
Dzaoudzi
64%
Le Tampon
59%
La Hague
54%
Pointe-à-Pitre
51%
Le Marin
42%
Aucun quiz correspondant
Distribution des résultats
% des personnes avec chaque résultat
Percentile par nombre de réponses
Votre historique - résultats
Vous n’avez pas pris ce quiz